Shearer's manual of human dissection./ (Record no. 62)

MARC details
000 -LEADER
fixed length control field 00986pam a2200313 a 4500
001 - CONTROL NUMBER
control field 549087
003 - CONTROL NUMBER IDENTIFIER
control field OSt
005 - DATE AND TIME OF LATEST TRANSACTION
control field 20140701135751.0
008 - FIXED-LENGTH DATA ELEMENTS--GENERAL INFORMATION
fixed length control field 881206s1989 nyua f 001 0 eng c
010 ## - LIBRARY OF CONGRESS CONTROL NUMBER
LC control number 88026848
020 ## - INTERNATIONAL STANDARD BOOK NUMBER
International Standard Book Number 0070321779
040 ## - CATALOGING SOURCE
Original cataloging agency DNLM/DLC
Transcribing agency DLC
Modifying agency DLC
050 10 - LIBRARY OF CONGRESS CALL NUMBER
Classification number QM34
Item number .S56 1989
060 ## - NATIONAL LIBRARY OF MEDICINE CALL NUMBER
Classification number QS 130 S541m
082 00 - DEWEY DECIMAL CLASSIFICATION NUMBER
Classification number QS S541m 1989
Edition number 19
100 1# - MAIN ENTRY--PERSONAL NAME
Personal name Shearer, Edwin Morrill,
Dates associated with a name 1902-
9 (RLIN) 186
240 10 - UNIFORM TITLE
Uniform title <a href="Manual of human dissection">Manual of human dissection</a>
245 10 - TITLE STATEMENT
Title Shearer's manual of human dissection./
250 ## - EDITION STATEMENT
Edition statement 7th ed. /
Remainder of edition statement John J. Jacobs.
260 ## - PUBLICATION, DISTRIBUTION, ETC. (IMPRINT)
Place of publication, distribution, etc. New York :
Name of publisher, distributor, etc. McGraw-Hill Information Services,
Date of publication, distribution, etc. c1989.
300 ## - PHYSICAL DESCRIPTION
Extent xxviii, 288 p. :
Other physical details ill. ;
Dimensions 24 cm.
500 ## - GENERAL NOTE
General note Includes index.
650 #0 - SUBJECT ADDED ENTRY--TOPICAL TERM
Topical term or geographic name as entry element Human dissection
General subdivision Handbooks, manuals, etc.
9 (RLIN) 187
650 #2 - SUBJECT ADDED ENTRY--TOPICAL TERM
Topical term or geographic name as entry element Dissection
General subdivision laboratory manuals.
9 (RLIN) 188
700 1# - ADDED ENTRY--PERSONAL NAME
Personal name Jacobs, John J.
Relator code Editor
9 (RLIN) 189
740 0# - ADDED ENTRY--UNCONTROLLED RELATED/ANALYTICAL TITLE
Uncontrolled related/analytical title Manual of human dissection.
906 ## - LOCAL DATA ELEMENT F, LDF (RLIN)
a 7
b cbc
c orignew
d 1
e ocip
f 19
g y-gencatlg
942 ## - ADDED ENTRY ELEMENTS (KOHA)
Source of classification or shelving scheme Other/Generic Classification Scheme
Koha item type Open Shelf
Holdings
Withdrawn status Lost status Source of classification or shelving scheme Damaged status Not for loan Home library Current library Date acquired Inventory number Total Checkouts Full call number Barcode Date last seen Price effective from Koha item type
    Other/Generic Classification Scheme     MUST Main Library MUST Main Library 01/07/2014 97/10933   QS S541m 1989 2014-0077 01/07/2014 01/07/2014 Open Shelf